|
|
|
|
| LEADER |
00000cam a2200000 7i4500 |
| 001 |
0000026301 |
| 005 |
20090507.0 |
| 008 |
090507 |
| 020 |
|
|
|a 9676114103
|
| 090 |
0 |
0 |
|a 546.22
|b MAZ
|
| 100 |
1 |
|
|a Mazlin Mokhtar
|
| 245 |
1 |
0 |
|a Kimia air
|c Mazlin Mokhtar
|f Mohd Talib Latif
|f Lee Yook Heng
|
| 260 |
|
|
|a Kuala Lumpur :
|b Utusan Publications & Distributors ,
|c 2003
|
| 440 |
|
|
|a Siri pengajian dan pendidikan Utusan
|
| 650 |
|
0 |
|a Water chemistry
|
| 700 |
1 |
|
|a Lee, Yook Heng
|
| 700 |
1 |
|
|a Mohd Talib Hj. Latif
|
| 999 |
|
|
|a 0001029000
|b Book
|c Adult Collection
|e Perbadanan Perpustakaan Awam Johor
|
| 999 |
|
|
|a 0001048441
|b Book
|c Adult Collection
|e Cawangan Mersing
|